Bina ul mufaheem/ (Record no. 93959)
[ view plain ]
| 000 -LEADER | |
|---|---|
| fixed length control field | 00485nam a22001697a 4500 |
| 005 - DATE AND TIME OF LATEST TRANSACTION | |
| control field | 20170523120300.0 |
| 008 - FIXED-LENGTH DATA ELEMENTS--GENERAL INFORMATION | |
| fixed length control field | 170523b xxu||||| |||| 00| 0 eng d |
| 020 ## - INTERNATIONAL STANDARD BOOK NUMBER | |
| International Standard Book Number | 9773426289 |
| 040 ## - CATALOGING SOURCE | |
| Transcribing agency | PK-LaUMT |
| 082 ## - DEWEY DECIMAL CLASSIFICATION NUMBER | |
| Classification number | ZIAC 297.01 |
| Item number | IBR-B |
| 100 ## - MAIN ENTRY--PERSONAL NAME | |
| Personal name | Ibrahim Al Bayumi Ghanim |
| 245 ## - TITLE STATEMENT | |
| Title | Bina ul mufaheem/ |
| Statement of responsibility, etc | Ibrahim Al Bayumi Ghanim |
| 260 ## - PUBLICATION, DISTRIBUTION, ETC. (IMPRINT) | |
| Place of publication, distribution, etc | بیروت: |
| Name of publisher, distributor, etc | المعھد العالمی للفکر الاسلامی، |
| Date of publication, distribution, etc | 2008 |
| 300 ## - PHYSICAL DESCRIPTION | |
| Extent | 376 ص |
| 546 ## - LANGUAGE NOTE | |
| Language note | عربی |
| 942 ## - ADDED ENTRY ELEMENTS (KOHA) | |
| Koha item type | Books |
| Withdrawn status | Lost status | Damaged status | Home library | Current library | Date acquired | Full call number | Barcode | Date last seen | Copy number | Price effective from | Koha item type |
|---|---|---|---|---|---|---|---|---|---|---|---|
| UMT Main Campus | UMT Main Campus | 2017-05-23 | ZIAC 297.01 IBR-B | 109380 | 2017-05-23 | V-1 | 2017-05-23 | Books | |||
| UMT Main Campus | UMT Main Campus | 2017-05-23 | ZIAC 297.01 IBR-B | 109381 | 2017-05-23 | V-2 | 2017-05-23 | Books |
